000 00583nam a2200217Ia 4500
003 OSt
005 20220928135342.0
006 a|||||r|||| 00| 0
007 ta
008 220927b |||||||| |||| 00| 0 eng d
024 _a1430
037 _cTextual
040 _aSDCL
_cSDCL
_beng
041 _2eng
_aeng
082 _aX:328.2'N9, N6
100 _aSaini Jasmer Singh
_9489973
245 0 _aEntrepreneurship development
_b Programmes and practices
260 _c1996
942 _hX:328.2'N9, N6
_cTEXL
_2CC
999 _c805280
_d805280